Bytový dom v Rajci

Salvato in:
Dettagli Bibliografici
Autore principale: Kotercová, Martina (Autore)
Altri autori: Makýš, Oto (Relatore della tesi)
Natura: Manoscritto Libro
Lingua:slovacco
Pubblicazione: 2019
Soggetti:
Accesso online:http://is.stuba.sk/zp/portal_zp.pl?podrobnosti=153061
https://opac.crzp.sk/?fn=detailBiblioForm&sid=72994EA9AD52E4DE4F954A064587
Tags: Aggiungi Tag
Nessun Tag, puoi essere il primo ad aggiungerne!!

MARC

LEADER 00000ntm a22000003a 4500
001 stuzp71711
003 SK-STU
005 20230605150210.9
007 ta
008 150427s2015----xo-----f-mn---000-0-slo-d
040 |a STU  |b slo 
041 0 |a slo 
100 1 |a Kotercová, Martina  |u 010270  |4 aut  |U SvF Stavebná fakulta  |T SvF Katedra technológie stavieb  |X 80931  |U V270  |Y 28  |7 80931 
242 0 1 |a Dwelling House in Rajec  |y eng 
245 1 0 |a Bytový dom v Rajci 
260 |c 2019 
650 4 |a bytový dom  |2 slo 
650 4 |a technológia stavieb  |2 slo 
650 4 |a stavenisko  |2 slo 
650 4 |a building project  |2 eng 
650 4 |a construction technology  |2 eng 
650 4 |a organization plan  |2 eng 
700 1 |a Makýš, Oto  |u 010270  |k Z1  |4 ths  |U SvF Stavebná fakulta  |T SvF Katedra technológie stavieb  |X 832  |U V270  |Y 28  |7 A000000832 
856 4 |u http://is.stuba.sk/zp/portal_zp.pl?podrobnosti=153061 
856 4 |u https://opac.crzp.sk/?fn=detailBiblioForm&sid=72994EA9AD52E4DE4F954A064587